县级行政区知识问答#17 治多县 Zhiduo Multiple-choice - Statistics

General Stats
  • This quiz has been taken 5 times
  • The average score is 7 of 10
Answer Stats
Question Answer % Correct
治多县隶属于青海省哪个自治州? 玉树藏族自治州
100%
治多县“赛马节”的主要文化意义是? 祈福与社交
100%
治多县传统服饰“藏袍”的右衽穿法象征什么? 尊贵与信仰
80%
以下哪个湖泊位于治多县境内? 可可西里湖
80%
治多县牧民传统主食“糌粑”的主要原料是? 青稞
80%
治多县“通天河大桥”连接的主要交通线是? 青藏公路
80%
治多县非物质文化遗产“格萨尔史诗”的传承形式是? 口头说唱
40%
治多县“索加乡”因保护哪种濒危动物闻名? 藏羚羊
40%
治多县平均海拔约为多少米? 4500米
40%
治多县“嘉洛红宫”与哪位藏族历史人物相关? 珠姆
20%
No matching quizzes found
Score Distribution
Percent of People with Each Score
Percentile by Number Answered
Your Score History
You have not taken this quiz